| 000 | 00453cam a2200181ua 4500 | ||
|---|---|---|---|
| 020 | _c56.00 | ||
| 041 |
_aeng _h |
||
| 082 |
_a547.7 _bMEA/PO |
||
| 100 | _aMeares, Patrick . | ||
| 245 |
_aPolymers: Structure and bulk properties / _cPatrick Meares. _hTextual Documents |
||
| 250 |
_a1 / _b. |
||
| 260 |
_aToronto : _bD Van nostrand co , _c1965. |
||
| 300 | _a381 ; . | ||
| 365 | _a56.00 | ||
| 504 | _a | ||
| 942 | _cBK | ||
| 999 |
_c7533 _d7533 |
||